[Event "CCCSA Spring GM Invitational 2019"]
[Site "Charlotte"]
[Date "2019.03.20"]
[Round "1"]
[White "Patel, Advait"]
[Black "Ostrovskiy, Aleksandr"]
[Result "1-0"]
[WhiteElo "2470"]
[BlackElo "2453"]
[Annotator "TA"]
[PlyCount "77"]
[EventDate "2019.03.20"]
[EventType "tourn"]
[EventCountry "USA"]
[SourceTitle "playchess.com"]
[Source "ChessBase"]
[SourceQuality "1"]

{[%evp 18,77,29,18,42,25,25,23,23,23,27,33,31,25,22,29,26,29,40,12,11,14,16,32,22,18,20,0,53,17,85,27,70,0,0,-68,-66,-64,-73,-74,-72,-71,-48,-120,0,0,0,0,38,41,30,35,50,53,29977,29978,29978,0,29979,29979,29977,29979]} 1. e4 c6 2. d4 d5 3. e5 c5 4. dxc5 e6 5. a3 Nc6 6. Nf3 {B12: Caro-Kann: Advance Variation} Bxc5 7. b4 Bb6 8. Bb2 Nge7 {[%cal Bg8e7,Be7g6,Bg6f4][%mdl 32]} 9. Bd3 Ng6 10. O-O {LiveBook: 89 Games} O-O 11. Re1 f6 12. exf6 gxf6 13. c4 Nf4 $146 (13... dxc4 14. Bxc4 Qxd1 15. Rxd1 {½-½ (39) Karjakin,S (2753)-Adhiban,B (2683) Astana 2019}) 14. cxd5 Qxd5 15. Be4 Qxd1 16. Rxd1 e5 17. Nc3 Nd4 18. Na4 f5 $1 {[%cal Rf5e4]} 19. Nxd4 fxe4 20. Nxb6 axb6 21. Nb5 Bg4 22. Rd6 Nd3 ({Black should try} 22... Ne2+ $11 23. Kf1 Rf7) 23. Bc3 (23. Bc1 $5) 23... Nxf2 (23... Be2 $11) 24. Re1 (24. Nc7 $16 Rab8 25. Nd5 (25. Rxb6 Nd1 $11) (25. Bxe5 Nd3 $16)) 24... Rac8 25. Rxb6 ({Better is} 25. h3 $14 Bf5 26. Kxf2 Bd7+ 27. Kg1 Bxb5 28. Bxe5) 25... Bd7 $11 {White must now prevent ...Bxb5.} 26. Bd2 (26. Re3 $1 $11 Nd3 27. Bd2 Bxb5 28. Rxb5) 26... Rc2 $1 $15 {[%cal Rc2d2]} 27. Bh6 Nd3 {And now ...Rff2 would win.} 28. Bxf8 Nxe1 29. Bh6 Bc6 ({Don't play} 29... Rxg2+ 30. Kf1 $11) 30. Na7 ({White should play} 30. Nd6 $1 $15 e3 31. Bxe3) 30... Nxg2 (30... Kf7 $1 $17 31. Nxc6 bxc6 32. Rb7+ Kf6) 31. Nxc6 $11 bxc6 $17 {[%mdl 4096] Endgame KRB-KRN} 32. Rb7 $1 {[%cal Rb7g7]} Nf4 {Threatens to win with ...e3.} (32... Ne1 $5 {[%cal Re1f3]}) 33. Rg7+ {[%mdl 1024] White has compensation.} Kh8 34. Rf7 {[%cal Rf7f8]} Rg2+ $1 35. Kf1 Rg6 $2 {[%mdl 8192]} (35... Rg8 $14) 36. Rf8+ $1 Rg8 37. Rxg8+ $1 Kxg8 {[#]} 38. Bxf4 $1 exf4 {[#]} 39. a4 $1 {Precision: White = 69%, Black = 48%.} 1-0

[Event "CCCSA Spring GM Invitational 2019"]
[Site "Charlotte"]
[Date "2019.03.20"]
[Round "1"]
[White "Korley, Kassa"]
[Black "Jacobson, Brandon"]
[Result "1-0"]
[WhiteElo "2437"]
[BlackElo "2455"]
[Annotator "TA"]
[PlyCount "99"]
[EventDate "2019.03.20"]
[EventType "tourn"]
[EventCountry "USA"]
[SourceTitle "playchess.com"]
[Source "ChessBase"]
[SourceQuality "1"]

{[%evp 9,99,20,19,7,16,14,29,19,20,15,42,41,32,13,15,0,0,-47,75,78,66,65,54,20,17,10,28,20,22,0,9,0,71,16,30,27,18,25,24,24,76,47,41,28,48,18,21,33,38,25,75,0,119,113,305,281,409,431,767,752,992,979,954,934,1556,1526,2246,2223,2001,1974,1710,987,5706,617,561,560,514,518,517,503,775,606,598,591,1589,1177,5165,4831,6108,4931,29975,29973]} 1. d4 Nf6 2. c4 g6 3. Nf3 Bg7 4. e3 O-O 5. Be2 c5 6. dxc5 {E60: King's Indian: Unusual lines and Fianchetto Variation without Nc3} (6. d5 e6 7. Nc3 exd5 8. cxd5 d6 9. Nd2 Na6 10. O-O Re8 11. e4 Nc7 12. f3 b6 13. a4 {½-½ (54) Yu,Y (2761)-Sevian,S (2642) Astana 2019}) 6... Ne4 7. O-O Nxc5 8. Nd4 $146 {White has an edge.} ({Predecessor:} 8. b4 Bxa1 9. bxc5 Bg7 10. a4 Qa5 11. Bd2 Qxc5 12. Nc3 b6 13. Nd5 {0-1 (27) Bortnik,G (1684)-Lockwood,A (2205) ICCF email 2008}) 8... Nc6 9. Nc3 Ne6 10. Nxe6 fxe6 11. Qd2 Qa5 12. Rb1 b6 13. a3 Qf5 (13... Bxc3 $1 $15 {stays ahead.} 14. bxc3 d6) 14. b4 $16 Bb7 15. Bb2 Rad8 16. h3 d5 17. cxd5 exd5 18. Nb5 e5 19. Rbc1 d4 20. Nc7 {Black must now prevent Bc4+.} Rd6 (20... dxe3 $11 21. Qxe3 Nd4) 21. Bd3 ({Better is} 21. Bc4+ $16 Kh8 22. f4) 21... Qd7 $11 {aiming for ...dxe3.} 22. Nb5 $1 {[%cal Rb5d6]} Rdf6 $1 23. Nc3 Kh8 {Hoping for ...Rd6.} 24. Ne4 dxe3 (24... R6f7 $11) 25. fxe3 Rxf1+ 26. Bxf1 Qe7 27. Nd6 Ba8 28. Bc4 $36 {[%mdl 2048] White has good play.} h5 29. Rd1 Kh7 {[#]} 30. Nb5 ({White should try} 30. Bd5 $1 $16) 30... Qg5 (30... Rd8 $11 31. Qe2 Rxd1+ 32. Qxd1 Qg5) 31. Nc7 $16 {Threatens to win with Ne6.} Qh4 $2 (31... Bh6 $16) 32. Bd5 $18 Bb7 (32... Bh6 {might work better.} 33. Nxa8 Qg3) 33. Ne6 Rf5 (33... Re8 $142 34. Rc1 Rxe6) 34. b5 Nd8 35. Nxg7 Kxg7 36. e4 Rg5 37. Bxb7 {Strongly threatening Qd7+.} Nxb7 38. Qd7+ Kh6 39. Bc1 {White wants to mate with Qe8.} ({Not} 39. Qe8 Rxg2+ 40. Kxg2 Qxe4+ 41. Kf2 Qf4+ 42. Ke2 Qh2+ 43. Ke1 Qxb2 $18) 39... Qxe4 40. Qd2 Qh4 41. Qxg5+ (41. Qd5 $142 Qg3 42. Qxb7) 41... Qxg5 42. Bxg5+ Kxg5 {[%mdl 4096] Endgame KR-KN} 43. Rd7 Nc5 44. Rxa7 Kf4 (44... h4 $142 45. a4 Kf5) 45. Rf7+ Ke3 46. Rf6 e4 47. Rxb6 Kd2 48. Rd6+ Nd3 49. Kf1 e3 {[#]} 50. Rxd3+ $1 {Accuracy: White = 57%, Black = 33%.} 1-0

[Event "CCCSA Spring GM Invitational 2019"]
[Site "Charlotte"]
[Date "2019.03.20"]
[Round "1"]
[White "Yoo, Christopher Woojin"]
[Black "Ringoir, Tanguy"]
[Result "0-1"]
[WhiteElo "2426"]
[BlackElo "2510"]
[Annotator "TA"]
[PlyCount "188"]
[EventDate "2019.03.20"]
[EventType "tourn"]
[EventCountry "USA"]
[SourceTitle "playchess.com"]
[Source "ChessBase"]
[SourceQuality "1"]

{[%evp 12,188,4,11,2,19,11,18,19,-5,0,0,0,0,-7,-7,-8,-10,-2,-25,-31,-27,-26,-31,0,-31,-19,-30,-28,-35,-15,-22,-12,-23,-19,-20,66,-6,-6,-83,-83,-83,-83,-104,-83,-85,-61,-72,-53,-104,-104,-102,-75,-119,-120,-121,-121,-125,-118,-283,-210,-283,-244,-244,-244,-244,-244,-251,0,0,0,0,0,0,29,-65,-65,-61,-61,-61,-66,-62,-62,-60,-64,-73,-64,-76,-60,-225,-67,-67,-85,-241,-245,-128,-67,-67,-67,-400,-356,-393,-351,-393,-379,-344,-304,-940,-5108,-5173,-5034,-3649,-1685,-1306,-940,-940,-940,-940,-933,-933,-871,-853,-845,-506,-429,-1092,-1014,-6103,-5277,-2756,-1662,-6982,-7479,-6613,-6859,-5181,-3948,-10587,-29952,-29961,-29964,-29970,-29971,-29971,-29972,-29972,-29973,-29972,-29972,-29972,-29972,-29972,-29974,-29975,-29976,-29976,-29977,-29977,-29977,-29977,-29978,-29978,-29978,-29978,-29979,-29979,-29977,-29981,-29982,-29981,-29982,-29981,-29982,-29986,-29987,-29987,-29987,-29988,-29989]} 1. e4 e5 2. Nf3 Nc6 3. Bb5 Nf6 4. d3 Bc5 5. c3 O-O 6. O-O d6 7. h3 a6 {C65: Ruy Lopez: Berlin Defence (3...Nf6), unusual lines and 4 0-0 Bc5} (7... Ne7 8. d4 Bb6 9. Re1 c6 10. Bd3 Ng6 11. Be3 Nh5 12. Nbd2 Nhf4 13. Bf1 exd4 14. Nxd4 d5 15. N4f3 {½-½ (74) Grandelius,N (2682)-Le,Q (2714) Caleta 2019}) 8. Bxc6 bxc6 9. d4 Bb6 {The position is equal.} 10. Nbd2 exd4 11. cxd4 Re8 12. Qc2 $146 ({Predecessor:} 12. Re1 a5 13. Qc2 Bb7 14. Nc4 d5 15. Nxb6 cxb6 {1-0 (79) Kleinman,M (2289)-Song,M (2415) chess.com INT 2017}) 12... Nxe4 13. Nxe4 {Threatens to win with Re1.} Bf5 14. Re1 Qe7 $1 {[%cal Rf5e4]} 15. Nfd2 d5 16. Qxc6 {Strongly threatening Nf6+!} dxe4 17. Nb3 Qd8 18. Qc3 a5 19. a4 Qh4 20. Re3 Be6 21. Nc5 Bd5 22. Rg3 h6 23. Rg4 Qf6 (23... Qh5 $1 $11) 24. Bf4 (24. Nd7 $1 $14 Qe6 25. Nxb6 cxb6 26. Qg3) 24... h5 $11 25. Bg5 (25. Nd7 $11 Qf5 26. Nxb6 hxg4 27. Nxa8 Bxa8 28. Be3 (28. Bxc7 $2 e3 $19)) 25... Qf5 $36 {[%mdl 2048] White is under strong pressure.} 26. Rg3 {next Bh6 is good for White.} f6 27. Bh6 Re7 28. Qe3 Rb8 29. Rc1 Ba7 30. Qa3 (30. Qd2 $15) 30... c6 $1 31. Bd2 Bb6 32. b4 axb4 33. Bxb4 Ra7 34. Bd2 Bc7 35. Re3 $2 (35. Qc3 $17 {might work better.}) 35... Bd6 36. Rce1 Qg6 37. Qc3 f5 38. Rg3 Bxg3 39. fxg3 {[#]} Rxa4 $2 (39... e3 $1 $19 40. Qxe3 h4 $1 {[%mdl 512]}) 40. Nxa4 $11 {And now Nc5 would win.} Rb3 41. Qc2 $1 {Hoping for Bf4.} Rxg3 42. Bf4 Rf3 43. Qd2 (43. Rf1 $11) 43... e3 $1 $15 {[%cal Re3d2]} 44. Bxe3 {Nc3 is the strong threat.} f4 $1 {[%cal Rf4e3]} 45. Bxf4 Rxf4 46. Nc3 {[#]} Rxd4 $1 {[%mdl 512]} 47. Nxd5 (47. Qxd4 Qxg2#) 47... Rxd5 {[%mdl 4096] Endgame KQR-KQR} 48. Qf4 Kh7 49. Qe4 Rf5 (49... Qxe4 {is more complex.} 50. Rxe4 Rc5 51. h4 g5 52. hxg5 Kg6) 50. g4 $2 (50. h4 $15) 50... Rg5 $2 ({Better is} 50... hxg4 $1 $19 51. hxg4 Rg5 52. Qxg6+ Rxg6) 51. Qxg6+ $1 Rxg6 {KR-KR} 52. Re4 $2 (52. Rc1 $17) 52... hxg4 $19 53. hxg4 {[#]} c5 ({Black should try} 53... Kg8 $1 $17 54. Rc4 Kf7) 54. Kf2 $15 Rc6 55. Rc4 $2 {[%mdl 8192]} (55. Ke1 $15) 55... Kg6 $19 56. Kf3 Kf6 57. Ke3 Ke5 58. Kd3 Kd5 59. Rf4 $2 (59. g5 Ra6 60. Rf4) 59... Rf6 60. Ra4 g5 61. Ke3 Re6+ (61... Rf1 $142 62. Ra8 Re1+ 63. Kd3 Rg1 64. Rd8+ Kc6 65. Rc8+ Kd6 66. Rd8+ Kc7) 62. Kd3 Rb6 63. Ra8 Rb4 64. Rd8+ Kc6 65. Rc8+ Kb6 66. Rb8+ Kc7 67. Rg8 Rxg4 68. Ke3 (68. Rg6 $142 Rd4+ 69. Ke2) 68... Kd6 69. Kf3 Rf4+ 70. Ke3 {[#]} Rf5 $1 {[%cal Rf5e5]} 71. Kd3 Kd5 72. Rd8+ Ke5 73. Ke3 g4 74. Rc8 Rf3+ 75. Ke2 {Black mates.} Kd4 76. Rd8+ Kc3 77. Rg8 Rf4 78. Ke3 Rd4 79. Ra8 Rd7 80. Ra3+ Kb4 81. Ra1 c4 82. Rg1 c3 83. Rxg4+ Kb3 84. Rg8 c2 85. Rb8+ Kc3 86. Rc8+ Kb2 87. Rb8+ Kc1 88. Ke2 Re7+ 89. Kf2 Re5 90. Kf3 Kd2 91. Rd8+ Kc3 92. Rc8+ Kd3 93. Rc7 Rf5+ 94. Kg2 Rf4 {Accuracy: White = 42%, Black = 70%.} 0-1

[Event "CCCSA Spring GM Invitational 2019"]
[Site "Charlotte"]
[Date "2019.03.20"]
[Round "1"]
[White "Rohan, Ahuja"]
[Black "Arribas Lopez, Angel"]
[Result "1/2-1/2"]
[WhiteElo "2380"]
[BlackElo "2443"]
[Annotator "TA"]
[PlyCount "40"]
[EventDate "2019.03.20"]
[EventType "tourn"]
[EventCountry "USA"]
[SourceTitle "playchess.com"]
[Source "ChessBase"]
[SourceQuality "1"]

{[%evp 17,40,16,34,17,48,47,67,44,75,59,80,73,71,71,74,68,78,76,84,87,95,91,87,32,77]} 1. Nf3 d6 2. d4 g6 3. g3 Bg7 4. Bg2 f5 5. c4 Nf6 6. b3 O-O 7. Bb2 Na6 8. O-O c6 9. Nbd2 {[%cal Bb1d2,Bd2b3,Bb3a5][%mdl 32]} Rb8 10. Qc2 {A87: Dutch Defence: Leningrad System: 5 Nf3} b5 11. a3 Kh8 12. Rac1 Bd7 $146 ({Predecessor:} 12... bxc4 13. Nxc4 Bd7 14. b4 Nd5 15. Na5 Rb6 16. Nd2 Qe8 17. Qb3 Nac7 {½-½ (30) Rohan,A (2411)-Lu,S (2615) Olongapo City 2015}) 13. b4 Rc8 14. Nb3 bxc4 15. Qxc4 Nc7 16. Na5 Ncd5 17. e3 Ne4 18. Rc2 Qb6 19. Nd2 Ndf6 20. Qe2 (20. Rfc1 $16) 20... Qb5 {Accuracy: White = 61%, Black = 24%.} 1/2-1/2

[Event "CCCSA Spring GM Invitational 2019"]
[Site "Charlotte"]
[Date "2019.03.20"]
[Round "1"]
[White "Gauri, Shankar"]
[Black "Berczes, David"]
[Result "0-1"]
[WhiteElo "2378"]
[BlackElo "2461"]
[Annotator "TA"]
[PlyCount "96"]
[EventDate "2019.03.20"]
[EventType "tourn"]
[EventCountry "USA"]
[SourceTitle "playchess.com"]
[Source "ChessBase"]
[SourceQuality "1"]

{[%evp 12,95,22,13,16,18,15,0,34,26,38,32,39,15,25,9,9,0,22,0,0,-8,-12,0,10,-2,0,0,-4,-56,-17,-17,-13,-13,-13,-18,22,20,15,0,0,-7,-7,-25,-6,-145,-144,-177,-177,-170,-178,-166,-175,-184,-184,-184,-184,-184,-184,-171,-8,-8,-3,-337,-340,-352,-339,-330,-320,-385,-385,-461,-461,-455,-436,-5895,-428,-29971,-29972,-12829,-12105,-29985,-29986,-29986,-29987,-29999]} 1. c4 e5 2. Nc3 Bb4 3. g3 Bxc3 4. bxc3 d6 5. Bg2 Ne7 6. d3 {A21: English Opening: 1...e5 2 Nc3} O-O 7. Nh3 {LiveBook: 8 Games} c5 8. O-O {The position is equal.} Nbc6 9. f4 h6 $146 ({Predecessor:} 9... f5 10. Rb1 h6 11. Nf2 Qc7 12. e4 exf4 13. Bxf4 Ng6 {1-0 (38) Solak,D (2635)-Greet,A (2455) Baku 2016}) 10. e4 exf4 11. Nxf4 Ne5 12. Qe2 Bg4 13. Qc2 Bd7 14. Be3 b5 15. cxb5 Bxb5 16. a4 Ba6 17. Rfd1 Rb8 18. Kh1 Qa5 19. d4 Nc4 20. Bc1 (20. Bg1 $11) 20... cxd4 21. cxd4 Rfc8 {White should prevent ...Ne3!} 22. Qf2 Qc3 $36 {[%mdl 2048] Black is more active.} 23. Bd2 Rb2 24. Bxc3 Rxf2 25. Be1 Rc2 {Black wants to play ...g5.} 26. Bf1 g5 27. Ng2 f5 28. Bxc4+ (28. Bd3 $11 Rb2 29. Rdb1 Rxb1 30. Rxb1) 28... Bxc4 $17 ({Inferior is} 28... R8xc4 29. Ne3 $14) 29. Ne3 {[#]} Re2 $1 {[%cal Re2e3]} 30. Nxc4 Rxc4 31. Rac1 Rxc1 32. Rxc1 fxe4 $19 {[%mdl 4096] Endgame KRB-KRN} 33. Bb4 Nf5 34. g4 Nxd4 {Hoping for ...d5.} 35. Bxd6 Ra2 $2 ({Better is} 35... e3 $19 36. Rc3 Nc2 37. Rc8+ Kf7 38. Rf8+ Ke6) 36. Rc4 $11 Rd2 {White must now prevent ...Nc2.} 37. Bg3 $2 {[%mdl 8192]} (37. Be5 $11 {and White has nothing to worry.} Nf3 38. Rxe4) 37... e3 $19 38. Rc8+ Kf7 39. Rc7+ Ke6 40. Rxa7 e2 41. Ra6+ Kd5 42. Rxh6 Ke4 {Strongly threatening ...Kf3.} 43. a5 (43. Rf6 $142 Ra2 44. a5) 43... Ra2 (43... Kf3 $142 {( -> ...Rd1+)} 44. Rf6+ Kxg4) 44. a6 (44. Rf6 $19 Nf3 45. Re6+ Kd3 46. Rd6+ Ke3 47. Re6+ Kd3 48. Rd6+ Ke3 49. Re6+ Kd4 50. Rd6+ Ke3) 44... Kf3 45. Rf6+ Kxg4 46. a7 Nf3 {Black mates.} 47. Re6 {[#]} e1=Q+ $1 {[%mdl 576] Deflection} 48. Bxe1 (48. Rxe1 Nxe1) 48... Rxh2# {Accuracy: White = 36%, Black = 52%.} 0-1

[Event "CCCSA Spring GM Invitational 2019"]
[Site "Charlotte"]
[Date "2019.03.20"]
[Round "1"]
[White "Banik, Siddharth"]
[Black "Yanayt, Eugene"]
[Result "1-0"]
[WhiteElo "2341"]
[BlackElo "2287"]
[Annotator "TA"]
[PlyCount "51"]
[EventDate "2019.03.20"]
[EventType "tourn"]
[EventCountry "USA"]
[SourceTitle "playchess.com"]
[Source "ChessBase"]
[SourceQuality "1"]

{[%evp 20,51,-2,-23,0,0,3,0,18,0,0,1,11,9,16,7,10,18,67,43,81,70,110,110,164,162,161,176,330,319,575,599,942,940]} 1. e4 c5 2. Nf3 d6 3. d4 cxd4 4. Nxd4 Nf6 5. Nc3 a6 6. h3 g6 7. Bc4 b5 8. Bb3 Bb7 9. O-O Bg7 10. Re1 O-O 11. a4 Nc6 {B70: Sicilian Dragon: 6 g3 and 6 Be2 (without a later Be3)} 12. Nxc6 Bxc6 13. Bg5 $146 ({Predecessor:} 13. axb5 axb5 14. Rxa8 Qxa8 15. Nd5 Bxd5 16. exd5 Qb7 17. c3 Re8 18. Be3 Nd7 19. Bd4 {½-½ (31) Jansa,V (2455)-Khalifman,A (2615) Germany 1990}) 13... h6 {The position is equal.} 14. Bh4 g5 15. Bg3 Nd7 16. axb5 axb5 17. Rxa8 Qxa8 18. Nd5 Qd8 19. c3 (19. Nb4 $5 {[%cal Rb4c6]} Bb7 20. Bd5 $14) 19... Nc5 20. Bc2 Qd7 21. h4 Rd8 (21... g4 $16 {was necessary.}) 22. hxg5 $18 hxg5 {[#]} 23. Qh5 $1 Ne6 $2 (23... Qe6) 24. Ne3 b4 $2 (24... Nf4 {keeps fighting.} 25. Qxg5 Ng6) 25. Nf5 bxc3 26. e5 {Accuracy: White = 74%, Black = 10%.} 1-0

[Event "CCCSA Spring GM Invitational 2019"]
[Site "Charlotte"]
[Date "2019.03.20"]
[Round "1"]
[White "Jacobson, Aaron"]
[Black "Francisco, Richard"]
[Result "1/2-1/2"]
[WhiteElo "2318"]
[BlackElo "2231"]
[Annotator "TA"]
[PlyCount "64"]
[EventDate "2019.03.20"]
[EventType "tourn"]
[EventCountry "USA"]
[SourceTitle "playchess.com"]
[Source "ChessBase"]
[SourceQuality "1"]

{[%evp 18,64,56,29,54,50,50,53,58,57,65,33,51,-14,0,0,0,0,0,0,0,4,7,6,7,8,8,-68,-70,-107,-70,-57,-33,-53,-6,-22,-6,-6,-6,-6,-6,-8,-8,-8,-8,-8,-10,-5,-6]} 1. e4 c5 2. Nf3 Nc6 3. d4 cxd4 4. Nxd4 g6 5. c4 Bg7 6. Be3 Nf6 7. Nc3 O-O 8. Be2 b6 9. O-O Bb7 10. f4 e5 {B38: Sicilian: Maroczy Bind with 5...Bg7 and 7...0-0} (10... Nxd4 11. Bxd4 Rc8 12. Qd3 d6 13. Rad1 Qc7 14. Kh1 Rfe8 15. e5 dxe5 16. fxe5 Nh5 17. Nd5 Bxd5 18. cxd5 Bxe5 19. Bxh5 Bxd4 20. Qxd4 gxh5 {½-½ (42) Sasikiran,K (2690)-Nisipeanu,L (2693) Sofia 2007}) 11. Ndb5 exf4 12. Bxf4 Ne8 $1 {White is slightly better.} 13. Qd2 a6 14. Na3 $146 ({Predecessor:} 14. Nd6 Nxd6 15. Bxd6 Re8 16. c5 Bd4+ 17. Kh1 bxc5 18. Bc4 {0-1 (31) Rodin,M (2355)-Kron,V (2395) Moscow 1991}) 14... Nd4 15. e5 (15. Bd3 $14) 15... Nxe2+ 16. Qxe2 Qe7 17. Rad1 f6 {[%cal Rf6e5]} 18. Rfe1 fxe5 19. Bxe5 Qc5+ 20. Qe3 $1 Qxe3+ ({But not} 20... Qc6 $6 21. Nd5 $16) 21. Rxe3 Nf6 $132 {[%mdl 2048] ...Ng4 is the strong threat. Black has counterplay} 22. Bxf6 (22. Ree1 $11) 22... Rxf6 $15 23. Rxd7 Bc6 24. Rd1 $1 Bf8 {[#] And now ...Bc5 would win.} 25. Rf1 $1 {[%cal Rf1f6]} Rxf1+ (25... Rd6 {is more complex.} 26. Nab1 Bg7 27. Ree1 b5 28. cxb5 axb5 29. a3 Rb8) 26. Kxf1 {The position is equal.} Bc5 27. Re2 Rf8+ 28. Ke1 Rf4 29. Nd5 Bxd5 30. cxd5 Bb4+ 31. Kd1 Rd4+ 32. Kc2 Bxa3 {Accuracy: White = 59%, Black = 81%.} 1/2-1/2

[Event "CCCSA Spring GM Invitational 2019"]
[Site "Charlotte"]
[Date "2019.03.20"]
[Round "1"]
[White "Martin Del Campo C., Roberto"]
[Black "Arjun, Vishnuvardhan"]
[Result "1-0"]
[WhiteElo "2298"]
[BlackElo "2262"]
[Annotator "TA"]
[PlyCount "111"]
[EventDate "2019.03.20"]
[EventType "tourn"]
[EventCountry "USA"]
[SourceTitle "playchess.com"]
[Source "ChessBase"]
[SourceQuality "1"]

{[%evp 15,111,7,43,32,109,22,25,40,35,-16,-8,-17,-16,-13,35,0,0,8,33,-33,14,0,19,7,50,56,50,68,57,0,0,0,0,0,0,0,0,0,45,53,204,202,1168,1077,1060,92,96,88,1239,102,100,74,74,64,74,77,73,72,72,71,68,68,68,68,71,70,97,97,114,97,140,131,135,139,161,161,147,128,140,83,139,150,209,212,206,200,225,214,413,413,398,398,686,686,723,682,5260,625]} 1. e4 c6 2. d4 d5 3. Nd2 dxe4 4. Nxe4 Nd7 5. Bc4 Ngf6 6. Ng5 e6 7. Qe2 Nb6 8. Bd3 c5 9. dxc5 {B17: Caro-Kann: Modern Line (4...Nd7)} Nbd7 (9... Na4 $14) 10. c6 $146 (10. b4 $16) ({Predecessor:} 10. N1f3 Nxc5 11. Bb5+ Bd7 12. O-O h6 13. Bxd7+ Ncxd7 14. Ne4 Be7 15. Bf4 O-O 16. Rfd1 Qb6 {½-½ (32) Vovk,A (2581)-Tari,A (2401) Riga 2013}) 10... bxc6 $11 11. N1f3 {White has an edge.} Nc5 12. Bc4 (12. O-O $14) 12... h6 13. Nh3 Bd6 14. Bf4 Be7 {Black wants to play ...g5.} 15. Be5 O-O 16. O-O Nd5 17. Bd4 (17. Rad1 $14) 17... f6 18. Rfe1 Bd6 19. Rad1 e5 (19... Qc7 {seems wilder.} 20. Bxc5 Bxc5 21. Nd4 Bxd4 22. Rxd4 Rb8) 20. Bxc5 $1 Bxc5 21. Qe4 {[%cal Rd1d5] Rxd5 is the strong threat.} Bxh3 22. Rxd5 (22. gxh3 $14 Qb6 23. Rd2 (23. Bxd5+ cxd5 24. Qxd5+ Kh8 $17)) 22... cxd5 23. Bxd5+ {[%mdl 64] Double Attack} Kh8 {Strongly threatening ...Bf5!} 24. Nh4 {Ng6+ would kill now.} f5 25. Ng6+ Kh7 26. Nxf8+ Bxf8 27. Qxe5 Bg4 $2 ({Better is} 27... Bd6 $14 28. Qe6 Rb8) 28. Qe6 $18 {[%mdl 1024] White has strong compensation.} (28. Bxa8 $6 Qxa8 29. c4 Qd8 $16) 28... Rb8 $2 (28... Bb4) 29. Qg8+ Kg6 30. Qf7+ $2 (30. Re6+ $18 {is the precise move to win.} Qf6 31. Rxf6+ Kxf6 32. Qf7+ {[%mdl 64] Double Attack} Ke5 33. Qe6+ Kd4 34. Bb3 Rxb3 35. axb3) 30... Kh7 $16 {And now ...Bc5 would win.} ({Worse is} 30... Kg5 31. f4+ $1 {[%mdl 512]} Kh4 32. g3+ Kh3 33. Bg2#) 31. h3 $1 ({Weaker is} 31. Qg8+ Kg6 $18) 31... Bxh3 $2 {[%mdl 8192]} (31... Bb4 $16 32. c3 Bh5 33. Qxh5 Qxd5) 32. gxh3 $2 (32. Qg8+ $18 {and the rest is easy.} Kg6 33. Re6+ (33. gxh3 Kg5 $16) 33... Qf6 34. Rxf6+ Kxf6 35. Qe6+ Kg5 36. Qe3+ {[%mdl 64] Double Attack} Kf6 37. Qc3+ Kg6 38. Qg3+ {[%mdl 64] Double Attack} Bg4 39. Qxb8 {[%mdl 64] Double Attack}) 32... Qg5+ 33. Kh1 {White wants to mate with Qg8+.} Bc5 34. Rg1 Qf6 35. Qxf6 gxf6 {[%mdl 4096] Endgame KRB-KRB} 36. b3 Re8 37. Bf7 Re2 38. Bg6+ Kh8 39. Bxf5 Rxf2 40. Bd3 f5 41. Rg6 Be3 42. Rf6 f4 43. Rxh6+ Kg7 44. Rg6+ Kf7 45. Rg2 $1 Rf3 46. Kh2 $1 Bf2 47. Rg5 (47. Rg4 $142 Bc5 48. h4) 47... Bh4 (47... Bg3+ $142 48. Kg1 Rf2) 48. Rg4 Rf2+ (48... Bg3+ $16 49. Kg1 Be1) 49. Kg1 $18 Bg3 {[#]} 50. h4 $1 Rh2 {[#]} 51. h5 $1 Kf6 $2 (51... Rh4 {was called for.} 52. Rxh4 Bxh4) (51... Rxh5 52. Bg6+) 52. Rg6+ Ke5 53. h6 Kd4 $2 {[#]} (53... Rh4 54. Kg2 Be1) 54. h7 $1 {White is clearly winning.} Ke3 (54... Rxh7 55. Rxg3) 55. Re6+ Kf3 {[#]} 56. Be2+ {Accuracy: White = 50%, Black = 32%.} (56. h8=Q $142 $1 Rg2+ (56... Rxh8 57. Be2#) 57. Kh1 Rh2+ 58. Qxh2 Bxh2 59. Kxh2 Kg4 60. c4 f3 61. c5) 1-0